| 000 | 01735pam a2200289 a 4500 | ||
|---|---|---|---|
| 001 | 3560078 | ||
| 005 | 20221117151400.0 | ||
| 008 | 980401s1998 nyua b 001 0 eng | ||
| 010 | _a 98017816 | ||
| 020 | _a0471192465 (acidfree paper) | ||
| 040 |
_aDLC _cDLC _dDLC |
||
| 050 | 0 | 0 |
_aTK454 _b.D67 1998 |
| 082 | 0 | 0 |
_a621.31924,DOR _221 |
| 100 | 1 | _aDorf, Richard C. | |
| 245 | 1 | 0 |
_aIntroduction to electric circuits / _cRichard C. Dorf, James A. Svoboda. |
| 246 | 3 | 0 | _aElectric circuits |
| 250 | _a4th ed. | ||
| 260 |
_aNew York : _bJohn Wiley, _c[1998]. |
||
| 300 |
_axxiii, 914 p. : _bill. (some col.) ; _c27 cm. + _e1 computer laser optical disc (4 3/4 in.) |
||
| 505 | _aElectric Circuit Variables (Page-1), Circuit Elements (Page-31), Resistive Circuits (Page-71), Methods of Analysis of Resistive Circuits (Page-113), Circuit Theorems (Page-167), The Operational Amplifier (Page217), Energy Storage Elements (Page-268), The Complete Response of RL and RC Circuits (Page-321), The Complete Response of Circuits with Two Energy Storage Elements (Page-385), Sinusoidal Steady-State Analysis (Page-441), AC Steady-State Power (Page-513), Three-Phase Circuits (Page-577), Frequency Response (Page-617), The Laplace Transform (Page-675), Fourier Series and Fourier Transform (Page-675), Fourier Series (Page-733), Filter Circuits (Page-769), Two-Port and Three-Port Networks (Page-817). | ||
| 650 | 0 |
_aElectric circuits. _910997 |
|
| 700 | 1 |
_aSvoboda, James A. _996331 |
|
| 856 | 4 |
_3Table of Contents _uhttp://www.loc.gov/catdir/toc/onix01/98017816.html |
|
| 856 | 4 | 2 |
_3Publisher description _uhttp://www.loc.gov/catdir/enhancements/fy0706/98017816-d.html |
| 906 |
_a7 _bcbc _corignew _d1 _eocip _f19 |
||
| 942 |
_2ddc _cBK |
||
| 999 |
_c592370 _d592370 |
||